000
00194 a2200097 4500
020
_a
8471767201
041
_a
spa
100
_a
Saunders, Susan
245
_a
El Monstruo De La Laguna
942
_c
BK
999
_c
28532
_d
28532